ভাষা, লিপি ও সাহিত্য / (Record no. 47541)
[ view plain ]
| 000 -LEADER | |
|---|---|
| fixed length control field | 00810nam a2200229 a 4500 |
| 001 - CONTROL NUMBER | |
| control field | 47541 |
| 003 - CONTROL NUMBER IDENTIFIER | |
| rucl marc code | BD-RjUL |
| 005 - DATE AND TIME OF LATEST TRANSACTION | |
| control field | 20211209054334.0 |
| 008 - FIXED-LENGTH DATA ELEMENTS--GENERAL INFORMATION | |
| fixed length control field | 160809s1990 bg |||| |||| 00| 0 ben d |
| 020 ## - INTERNATIONAL STANDARD BOOK NUMBER | |
| Terms of availability | : Tk. 50.00 |
| 035 ## - SYSTEM CONTROL NUMBER | |
| System control number | (BD-RjUL)47660 |
| 040 ## - CATALOGING SOURCE | |
| Original cataloging agency | BD-RjUL |
| Language of cataloging | ben |
| Transcribing agency | BD-RjUL |
| 041 ## - LANGUAGE CODE | |
| Language code of text/sound track or separate title | ben |
| 082 ## - DEWEY DECIMAL CLASSIFICATION NUMBER | |
| Edition number | 23 |
| Classification number | B 891.44 |
| Author mark and year | TAB 1990 |
| 100 ## - MAIN ENTRY--PERSONAL NAME | |
| Personal name | তালিব, মুহাম্মদ আবূ |
| 9 (RLIN) | 124138 |
| 245 10 - TITLE STATEMENT | |
| Title | ভাষা, লিপি ও সাহিত্য / |
| Statement of responsibility, etc. | মুহাম্মদ আবূ তালিব |
| 260 ## - PUBLICATION, DISTRIBUTION, ETC. (IMPRINT) | |
| Place of publication, distribution, etc. | ঢাকা : |
| Name of publisher, distributor, etc. | সৃজন প্রকাশনী, |
| Date of publication, distribution, etc. | ১৯৯০. |
| 300 ## - PHYSICAL DESCRIPTION | |
| Pagination | ১৩৮ পৃ. ; |
| Size | ২০ সেমি. |
| 650 ## - SUBJECT ADDED ENTRY--TOPICAL TERM | |
| Topical term or geographic name as entry element | বাংলা সাহিত্য |
| 9 (RLIN) | 124139 |
| Topical term or geographic name as entry element | Bengali Literature |
| 9 (RLIN) | 124140 |
| 942 ## - ADDED ENTRY ELEMENTS (KOHA) | |
| Source of classification or shelving scheme | Dewey Decimal Classification |
| Koha item type | Books |
| Lost status | Source of classification or shelving scheme | Damaged status | Not for loan | Collection code | Permanent Location | Current Location | Shelving location | Date acquired | Source of acquisition | Cost, normal purchase price | Total Checkouts | Full call number | Date last seen | Copy number | Koha item type |
|---|---|---|---|---|---|---|---|---|---|---|---|---|---|---|---|
| Dewey Decimal Classification | Non-fiction | Central Library, University of Rajshahi | Central Library, University of Rajshahi | 24/03/1991 | Bengali dept. R. U. | 50.00 | B 891.44 TAB 1990 | 09/08/2016 | C-2 | Books | |||||
| Dewey Decimal Classification | Not For Loan | Non-fiction | Central Library, University of Rajshahi | Central Library, University of Rajshahi | Reading Room | 13/04/1993 | Abu Talib | B 891.44 TAB 1990 | 05/06/2022 | C-1 | Books |